000 00854nam a2200241 i 4500
001 47395
003 ES-MaACL
005 20250901032924.0
007 t|
008 030407e1832 hm ||||1| eng d
080 _a616.932
100 1 _aCorbyn, Frederick,
_d1791-1853
_eaut
_940475
245 1 2 _aA treatise on the epidemic cholera as it has prevailed in India /
_cby Frederick Corbyn.
260 _aCalcutta :
_bThe Baptist Mission Press,
_c1832.
300 _a378 páginas, 1 lámina ;
_c24 cm.
530 _aDisponible en formato digital
650 7 _aCólera
_2embne
_911143
852 _aES-MaACL
_cSPP3
_jG-10017
856 _uhttps://archive.org/details/atreatiseonepid00corbgoog/page/n6/mode/2up
_yVersión en línea
_z(Internet Archive)
942 _2udc
_cMONANT
_n0
999 _c47395
_d47395